| 000 | 02551nam0a2200373 i 4500 | ||
|---|---|---|---|
| 001 | RU\NLR\bibl\1971229 | ||
| 005 | 20260408095022.0 | ||
| 010 |
_a9785905851063 _9100 |
||
| 021 |
_aRU _b2012-85786 _96360 |
||
| 035 | _a(nilc)RSL-KNO-005525928 | ||
| 035 | _a(NLR Aleph) 001960063 | ||
| 090 |
_a3813104 _c3813104 |
||
| 100 | _a20121114d2012 u y0rusy50 ca | ||
| 101 | 0 |
_arus _deng |
|
| 102 | _aRU | ||
| 105 | _aa ||||||||| | ||
| 200 | 1 |
_aНаноявления при разработке месторождений углеводородного сырья: от наноминералогии и нанохимии к нанотехнологиям _eматериалы III международной конференции, Москва, ОАО "ИГиРГИ", 30-31 октября 2012 г. _f[под ред. Хавкина А. Я. и др.] |
|
| 210 |
_aМосква _cНефть и газ _d2012 |
||
| 215 |
_a438 с. _cил., табл. _d30 |
||
| 300 | _aВ надзаг.: Науч. совет РАН по проблемам геологии и разраб. месторождений нефти и газа (НСПГРМНГ РАН), Нанотехнол. о-во России (НОР), Парламент. Центр "Наукоемкие технологии, интеллектуал. собственность" ФС РФ (ПЦ "НТИС" ФС РФ) [и др.] | ||
| 320 | _aБиблиогр. в конце докл. | ||
| 606 | 1 |
_aНанотехнологии _jСъезды, совещания и т.п. _xПрименение в нефтегазодобыче _92532296 _3RU\NLR\auth\661499863 |
|
| 610 | 0 | _aнаноявления | |
| 686 |
_aД453.1я431(0) _2rubbk |
||
| 686 |
_aИ36я431(0) _2rubbk |
||
| 686 | _aИ36я431(0) | ||
| 702 | 1 |
_4070 _7ca _8rus _aХавкин _bА. Я. _cд-р техн. наук _f1953- _gАлександр Яковлевич _9145544 _3RU\NLR\AUTH\770145580 |
|
| 711 | 1 | 2 |
_a"Наноявления при разработке месторождений углеводородного сырья: от наноминералогии и нанохимии к нанотехнологиям", международная конференция _d3 _eМосква _f2012 _9357881 _3RU\NLR\AUTH\8810236297 |
| 801 | 0 |
_aRU _bRuMoRKP _c20121114 _grcr |
|
| 801 | 1 |
_aRU _bРГБ _c20121114 |
|
| 801 | 2 |
_aRU _bNLR _c20121126 _grcr |
|
| 942 | _cBOOK | ||
| 980 | _aNBR | ||